Osoby które posiadały korone anarchia.gg - Statystyki

Ogólne statystyki
  • Ten quiz został rozwiązany 161 razy
  • Średni wynik to 4 z 8
Statystyki odpowiedzi
Rok Osoba z koroną % Poprawnych
2024 e__s
96%
2023,2024 Tromba
94%
2024 Sagi
73%
2024 Raxen
59%
2024 Assasinek
38%
2023 Puchol
38%
2024 Shogy
36%
2024 nancio
11%
Nie znaleziono quizów pasujących do podanych kryteriów
Rozkład punktacji
Procent ludzi z każdym wynikiem
Percentyl według liczby udzielonych odpowiedzi
Twoja historia wyników
Nie rozwiązałeś tego quizu